Súčasné výzvy a hrozby svetovej politiky
Vybrané hrozby a výzvy, ktorým čelí v súčasnosti svetová politika - globálna chudoba, globálne epidémie, klimatické zmeny, medzinárodný terorizmus, zlyhávanie štátov.
Uložené v:
| Hlavný autor: | |
|---|---|
| Médium: | Kapitola |
| Jazyk: | Slovak |
| Predmet: | |
| Tagy: |
Žiadne tagy, Buďte prvý, kto otaguje tento záznam!
|
MARC
| LEADER | 00000nla a2200000 4500 | ||
|---|---|---|---|
| 001 | 0175974 | ||
| 005 | 20190724080058.7 | ||
| 041 | 0 | |a slo | |
| 044 | |a SK | ||
| 245 | 1 | 0 | |a Súčasné výzvy a hrozby svetovej politiky |c Marián Török |
| 520 | |a Vybrané hrozby a výzvy, ktorým čelí v súčasnosti svetová politika - globálna chudoba, globálne epidémie, klimatické zmeny, medzinárodný terorizmus, zlyhávanie štátov. | ||
| 610 | 2 | 0 | |a politika svetová |
| 610 | 2 | 0 | |a globalizácia |
| 610 | 2 | 0 | |a vzťahy medzinárodné |
| 610 | 2 | 0 | |a chudoba |
| 610 | 2 | 0 | |a terorizmus |
| 610 | 2 | 0 | |a zmeny klimatické |
| 610 | 2 | 0 | |a zlyhanie štátu |
| 100 | 1 | |a Török, Marián | |